Estudio y comprensión de la naturaleza quinto año básico: texto para el estudiante

Saved in:
Bibliografiske detaljer
Main Authors: Cáceres Moraga, Augusto (Author), Uribe Martínez, Rosa (Author)
Andre forfattere: Núñez Jiménez, Sergio (autor)
Format: Bog
Sprog:spansk
Udgivet: Santiago Arrayán 2003
Udgivelse:1a. ed
Fag:
Tags: Tilføj Tag
Ingen Tags, Vær først til at tagge denne postø!

MARC

LEADER 00000nam a2200000 a 4500
001 UCJ0210
003 CL-VaPUC
008 060707e20030000CL |||||||||||||||||spa|d
020 |a 9562400858 
082 0 4 |a 372.357  |b CAC  |2 21 
100 |a Cáceres Moraga, Augusto  |e author  |9 474738 
700 |a Núñez Jiménez, Sergio  |e autor  |9 547424 
700 0 |a Uribe Martínez, Rosa  |e author  |9 500291 
245 1 0 |a Estudio y comprensión de la naturaleza quinto año básico: texto para el estudiante 
250 |a 1a. ed 
300 |a 191 p 
942 |c BK 
945 |d 20060707 00:00:00  |a jtorresc 
260 |a Santiago  |b Arrayán  |c 2003 
650 0 |a Educación científica   |9 307484 
650 0 |a Educación básica   |9 224933 
650 0 |a Métodos de enseñanza  |9 270413 
650 0 |a Medio ambiente  |9 257625 
583 |a last modification  |c 20130305 02:34:36  |k Rodrigo Vera 
999 |c 317136  |d 317134 
952 |0 0  |1 0  |4 0  |6 372_357000000000000_CAC_2003  |7 0  |8 P  |9 392959  |a BIBEDU  |b BIBEDU  |c BIBEDU_PB  |d 2019-11-22  |i 4249828  |o 372.357 CAC 2003  |p 4249828  |r 2024-01-25  |w 2019-11-22  |y BK  |k EBA 
952 |0 0  |1 0  |4 0  |6 372_357000000000000_CAC_2003  |7 0  |8 P  |9 392960  |a BIBEDU  |b BIBEDU  |d 2019-11-22  |i 4249836  |o 372.357 CAC 2003  |p 4249836  |r 2019-11-22  |w 2019-11-22  |y BK  |k EBA 
952 |0 0  |1 0  |4 0  |6 372_357000000000000_CAC_2003  |7 0  |8 P  |9 392961  |a BIBEDU  |b BIBEDU  |d 2019-11-22  |i 4249852  |o 372.357 CAC 2003  |p 4249852  |r 2019-11-22  |w 2019-11-22  |y BK  |k EBA 
952 |0 0  |1 0  |4 0  |6 372_357000000000000_CAC_2003  |7 0  |8 P  |9 392962  |a BIBEDU  |b BIBEDU  |c BIBEDU_PB  |d 2019-11-22  |i 4249860  |o 372.357 CAC 2003  |p 4249860  |r 2024-01-25  |w 2019-11-22  |y BK  |k EBA 
952 |0 0  |1 0  |4 0  |6 372_357000000000000_CAC_2003  |7 0  |8 P  |9 392963  |a BIBEDU  |b BIBEDU  |d 2019-11-22  |i 4249879  |o 372.357 CAC 2003  |p 4249879  |r 2019-11-22  |w 2019-11-22  |y BK  |k EBA